| 000 | 00600nam a22002297a 4500 | ||
|---|---|---|---|
| 003 | UA-OsUOA | ||
| 001 | 16857 | ||
| 007 | ta | ||
| 008 | 20031028b un ||||| |||| 00| 0 ukr d | ||
| 100 | _aСтолярець М. | ||
| 090 | _bС-816 | ||
| 942 | _cBK | ||
| 040 |
_aUA-OsUOA _bukr _cUA-OsUOA _dUA-OsUOA |
||
| 245 |
_aСлово про Городок _bСпогади краєзнавця |
||
| 300 | _a31 с. | ||
| 955 | _a0 | ||
| 041 | _aukr | ||
| 591 | _a26.890(4Укр-4Рів) | ||
| 260 |
_aРівне _bАзалія _c2002 |
||
| 044 | _aUA | ||
| 650 | 7 |
_aІсторія міст і сіл _2UDC |
|
| 999 |
_c303024 _d303024 |
||